| 000 | 01143cam a22003015a 4500 | ||
|---|---|---|---|
| 008 | 150816t2006 ne ad||f |||| 001 0 eng d | ||
| 010 | _a 2006271896 | ||
| 020 | _a9780750679336 (acid-free paper) | ||
| 020 | _a0750679336 (acid-free paper) | ||
| 040 |
_aEG-ScBUE _beng _cEG-ScBUE |
||
| 082 | 0 | 4 |
_a622.33820113 _bFAN _222 |
| 100 | 1 | _aFanchi, John R. | |
| 245 | 1 | 0 |
_aPrinciples of applied reservoir simulation / _cJohn Fanchi. |
| 250 | _a3rd ed. | ||
| 260 |
_aAmsterdam ; _bGulf Professional Pub., _cc2006. |
||
| 300 |
_axix, 511 p. : _bill,col. ; _c24 cm. |
||
| 500 | _aindex 500-511. | ||
| 504 | _aIncludes bibliographical references. | ||
| 590 | _amustafa galal | ||
| 650 | 0 |
_aOil fields _xComputer simulation. _2BUEsh |
|
| 650 | 0 |
_aPetroleum _xGeology _xMathematical models. _2BUEsh _924666 |
|
| 651 | _2BUEsh | ||
| 653 |
_bENGGEN _cAugust2015 |
||
| 655 |
_vtext book _933728 |
||
| 856 | 4 | 2 |
_3Publisher description _uhttp://www.loc.gov/catdir/enhancements/fy0629/2006271896-d.html |
| 856 | 4 | 2 |
_3Table of contents only _uhttp://www.loc.gov/catdir/enhancements/fy0629/2006271896-t.html |
| 942 |
_cBB _k622.33820113FAN _2ddc |
||
| 999 |
_c5724 _d5724 |
||